000 01637nam a22002777a 4500
003 URS
005 20240509220803.0
008 240508b |||||||| |||| 00| 0 eng d
050 0 0 _aLG 221.R59 D5688
_b2010
100 1 _aDe Vera, John Christoper, D.C.
_eResearcher
245 1 0 _aDifficulties encountered by the selected freshman students of the university of Rizal system, Rodriguez in simplifying fraction
_cDe Vera, John Christoper, D.C.; ... [et,.a.l]
260 1 _c2010
300 _axi, 41 leaves
_billustrations
_c28 cm
336 _2text
_ardacontent
337 _2rdamedia
_aunmediated
338 _2rdacarrier
_avolume
502 _aUndergraduate thesis
_bBachelor of Secondary Education in Mathematics
_cUniversity of Rizal System, Rodriguez, Rizal
_d2010
520 _aThis study aimed to determine the Difficulties Encountered by the Selected Freshman Education Students of the University of Rizal System. Rodriguez in Simplifying Fraction, conducted during the 2nd semester, school year 2009-2010. The respondents involved were the 90 first year education students who were randomly selected as respondents of the study from the total population of 156. The descriptive method of research was utilized in this study, with the questionnaire checklist as the main instrument utilized to gather appropriate data.
650 _2Simplifying fraction
700 _aDe Vera, John Christoper, D.C.
_eResearcher
700 _aFalami, Jovelyn, C.
_eResearcher
700 _aFlorino, Enrico Jr, C.
_eResearcher
700 _aMaunat Christine, M.
_eResearcher
700 _aAntonio, Maria Gracia, S.
_eAdviser
942 _2lcc
_cT
999 _c79810
_d79809